Statistics for Acronyms of the New Deal

Click here to take the quiz!

General Stats

  • This quiz has been taken 152 times
  • The average score is 7 of 15

Answer Stats

AcronymAnswer% Correct
CCCCivilian Conservation Corps
73%
WPAWorks Progress Administration
67%
AAAAgricultural Adjustment Administration
64%
SSASocial Security Administration
63%
TVATennessee Valley Authority
63%
NRANational Recovery Administration
50%
SECSecurities and Exchange Commission
49%
FERAFederal Emergency Relief Administration
46%
FDICFederal Deposit Insurance Corporation
37%
FHAFederal Housing Administration
37%
CWACivil Works Administration
34%
NYANational Youth Administration
29%
HOLCHome Owners Loan Corporation
22%
USHAUnited States Housing Authority
18%
CIOCommittee For Industrial Organization
3%

Score Distribution

Percentile by Number Answered

Percent of People with Each Score

Your Score History

You have not taken this quiz